Tracklist of Every Ben Folds Album - Statistics

General Stats
  • This quiz has been taken 14 times
  • The average score is 115 of 254
Answer Stats
Hint Answer % Correct
Brick
100%
Brick (live)
100%
The Best Imitation Of Myself (2011) Brick (Radio Mix)
100%
Army
88%
Cigarette
88%
The Sound of the Life of the Mind (2012) Erase Me
88%
Jane
88%
Julianne
88%
Julianne (live)
88%
Landed
88%
Landed (Strings Version)
88%
Ben Folds Live (2002) | Whatever and Ever Amen (1997) One Angry Dwarf and 200 Solemn Faces
88%
Rockin' the Suburbs
88%
Rockin' the Suburbs ('06 Remix)
88%
Song for the Dumped
88%
Song for the Dumped (demo)
88%
Song for the Dumped (live)
88%
The Luckiest
88%
Rockin' the Suburbs (2001) Annie Waits
75%
Don't Change Your Plans
75%
Gracie
75%
Hospital Song
75%
Hospital Song (live)
75%
Kate
75%
The Unauthorized Biography of Reinhold Messner (1999) Narcolepsy
75%
Philosophy
75%
Philosophy (Inc Miserlou)
75%
Philosophy (live)
75%
Selfless, Cold, and Composed
75%
Smoke
75%
Smoke (demo)
75%
Smoke (live)
75%
Still
75%
Uncle Walter
75%
Underground
75%
Underground (demo)
75%
Underground (live)
75%
What Matters Most
75%
Your Redneck Past
75%
Your Redneck Past (live)
75%
Alice Childress
63%
Alice Childress (live)
63%
Ascent of Stan (live)
63%
Songs For Silverman (2005) Bastard
63%
Boxing
63%
Boxing (live)
63%
Carrying Cathy
63%
Emaline
63%
Fair
63%
Gone
63%
Self-Titled (1995) Jackson Cannery
63%
Jackson Cannery (Original 7" Version)
63%
Jesusland
63%
Jesusland (live)
63%
Late
63%
Losing Lisa
63%
Lullabye
63%
Magic
63%
Mess
63%
Mess (live)
63%
Missing the War
63%
Narcolepsy (live)
63%
Regrets
63%
Sentimental Guy
63%
Steven's Last Night in Town
63%
Steven's Last Night In Town (demo)
63%
The Ascent of Stan
63%
The Last Polka
63%
The Sound of the Life of the Mind
63%
Time
63%
Video
63%
Where's Summer B?
63%
Where's Summer B? (live)
63%
Zak and Sara
63%
Air
50%
Away When You Were Here
50%
Lonely Avenue (2010) A Working Day
50%
Battle of Who Could Care Less
50%
Do It Anyway
50%
Draw a Crowd
50%
Dr. Yang
50%
Dr. Yang (live)
50%
Errant Dog
50%
Evaporated
50%
Evaporated (demo)
50%
Exhausting Lover
50%
Fired
50%
For Those of Ya'll Who Wear Fanny Packs
50%
Fragile
50%
Fred Jones Part 2
50%
Give Judy My Notice
50%
Way To Normal (2008) Hiroshima (B-B-B-Benny Hit His Head)
50%
Kristine from the 7th Grade
50%
Moments (featuring Tall Heights)
50%
Not the Same
50%
Prison Food
50%
Sky High
50%
Sports & Wine
50%
Still Fighting It
50%
The Frown Song
50%
Theme from "Dr. Pyser"
50%
Trusted
50%
You To Thank
50%
You To Thank (live)
50%
Back to Anonymous
38%
Bad Idea (demo)
38%
Best Imitation of Myself
38%
Bitches Ain't Shit
38%
Brainwascht
38%
What Matters Most (2023) But Wait, There's More
38%
Clouds With Ellipses
38%
Cologne
38%
Cologne (live)
38%
Dog
38%
Naked Baby Photos (1998) Eddie Walker
38%
Effington
38%
Free Coffee
38%
Free Coffee (live)
38%
Heist
38%
Hold That Thought
38%
Supersunnyspeedgraphic, the LP (2006) In Between Days
38%
Kylie From Connecticut
38%
Levi Johnston's Blues
38%
Michael Praytor, Five Years Later
38%
On Being Frank
38%
Paddleboat Breakup
38%
Password
38%
Phone in a Pool
38%
Picture Window
38%
Saskia Hamilton
38%
Satan Is My Master (live)
38%
She Don't Use Jelly (Lounge-A-Palooza Version)
38%
Silver Street
38%
Silver Street (demo)
38%
So There
38%
Thank You for Breaking My Heart
38%
There's Always Someone Cooler Than You
38%
Tom & Mary
38%
Video Killed the Radio Star
38%
Winslow Gardens
38%
You Don't Know Me
38%
Belinda
25%
Bitch Went Nutz (live)
25%
So There (2015) Capable Of Anything
25%
Claire's Ninth
25%
Dick Holster
25%
Doc Pomus
25%
Family Of Me
25%
Fear of Pop: Volume 1 Fear of Pop
25%
For All the Pretty People
25%
From Above
25%
Get Your Hands Off Of My Woman
25%
Guilty
25%
House
25%
In Love
25%
In Love (demo)
25%
Learn To Live With What You Are
25%
Lonely (demo)
25%
Lost In the Supermarket
25%
Mitchell Lane
25%
Practical Amanda
25%
Prince Charming (demo)
25%
Rent A Cop
25%
Songs of Love
25%
The Ultimate Sacrifice (live)
25%
Twin Falls (live)
25%
Your Most Valuable Possession
25%
Adelaide
13%
Fifty-Five Vault (2011) Adelaide (live)
13%
All Shook Up
13%
All U Can Eat
13%
Avery M. Powers Memorial Beltway
13%
Before Cologne
13%
Birds
13%
Bitch Went Nuts
13%
Bizarre Christmas Incident
13%
Blink
13%
Bruised
13%
Champagne Supernova (live)
13%
Concerto for Piano and Orchestra, Movement I
13%
Concerto for Piano and Orchestra, Movement II
13%
Concerto for Piano and Orchestra, Movement III
13%
Cool Whip
13%
F-10-D-A
13%
Girl
13%
Hava Nagila (live)
13%
Hiro's Song (Shaker Version) (live)
13%
Honey Don't
13%
I'm Not the Man
13%
Interlude
13%
I Paid My Money
13%
It's All Right With God (demo)
13%
Kalamazoo
13%
Kops
13%
Long Way to Go
13%
Make Me Mommy
13%
Not a Fan
13%
One Down
13%
Prologue
13%
Rock This Bitch
13%
Root to This
13%
Rubber Sled
13%
Say Yes (live)
13%
Slow Jam '98
13%
Still in Love
13%
Tiny Dancer
13%
Yes Man
13%
Your Dogs
13%
Clueless
0%
Deal With It
0%
Everyone Else
0%
Get That Bug (Outta Your System)
0%
Golden Slumbers (live)
0%
I Knew That Cha Could (demo)
0%
Protection (demo)
0%
Radio Jingles for Tokyo's Inter-FM
0%
Side of the Road
0%
Untitled
0%
We Know What's Right
0%
Shut Up and Listen to Majosha (1989) Where's Bohemia
0%
Wild Mountain Thyme
0%
Your Cheatin' Heart (live)
0%
No matching quizzes found
Score Distribution
Percent of People with Each Score
Percentile by Number Answered
Your Score History
You have not taken this quiz